000
00277nam a2200133Ia 4500
100
_a
Bhola/ Bhola
942
_c
BK
654
_a
calculus
245
_a
Differential Calculus I
260
_b
Campus Publications
_c
2001
082
_a
515.3
300
_a
336
546
_a
ENGLISH
999
_c
20383
_d
20383